Catálogo
Digital

Catálogo
Digital

Introducción a la Auditoria Financiera (Record no. 14142)

MARC details
000 -CABECERA
campo de control de longitud fija 01564nam a2200301 4500
003 - IDENTIFICADOR DEL NÚMERO DE CONTROL
campo de control EC-UNACH
005 - FECHA Y HORA DE LA ÚLTIMA TRANSACCIÓN
campo de control 20251105150336.0
006 - CÓDIGOS DE INFORMACIÓN DE LONGITUD FIJA--CARACTERÍSTICAS DEL MATERIAL ADICIONAL
campo de control de longitud fija s||||gr|||| 00| 00
008 - DATOS DE LONGITUD FIJA--INFORMACIÓN GENERAL
campo de control de longitud fija 150116t9999 mx r gr 000 0 spa d
020 ## - NÚMERO INTERNACIONAL ESTÁNDAR DEL LIBRO
Número Internacional Estándar del Libro 978-84-481-6694-6
040 ## - FUENTE DE LA CATALOGACIÓN
Centro catalogador/agencia de origen EC-UNACH
Centro/agencia transcriptor EC-UNACH
041 ## - CÓDIGO DE LENGUA
Código de lengua del texto/banda sonora o título independiente spa
082 04 - NÚMERO DE LA CLASIFICACIÓN DECIMAL DEWEY
Número de edición 23
Número de clasificación 657
Número de documento/Ítem L017951
110 ## - ENTRADA PRINCIPAL--NOMBRE DE ENTIDAD CORPORATIVA
Nombre de entidad corporativa o nombre de jurisdicción como elemento de entrada Mc Graw Hill
245 ## - MENCIÓN DE TÍTULO
Título Introducción a la Auditoria Financiera
250 ## - MENCIÓN DE EDICIÓN
Mención de edición Primera edición
264 ## - Producción, publicación, distribución, fabricación y copyright
Lugar de producción, publicación, distribución, fabricación España
Nombre del de productor, editor, distribuidor, fabricante Mc Graw Hill
Fecha de de producción, publicación, distribución, fabricación o copyright 2008
300 ## - DESCRIPCIÓN FÍSICA
Extensión 356
505 ## - NOTA DE CONTENIDO CON FORMATO
Nota de contenido con formato 1. La función de la auditoría en la sociedad. Evolución histórica, concepto y clases de auditoría.-- 2. El actual marco jurídico y profesional de la auditoría.-- 3. La evaluación de la evidencia: el informe de auditoría.-- 4. Proceso y desarrollo de una auditoría de cuentas anuales.-- 5. Proceso y desarrollo de una auditoría de cuentas por ordenador.-- 6. Auditoría del ciclo contable 6. -Auditoría del ciclo de inversión.-- 7. Auditoría del ciclo de financiación.-- 8. Auditoría del ciclo de conversión (existencias).-- 9. Auditoría del ciclo de ingresos y cuentas a cobrar.-- 10. Auditoría del ciclo de gastos y cuentas a pagar.-- 11. Auditoría de la tesorería.-- 12. Auditoría fiscal.
650 ## - PUNTO DE ACCESO ADICIONAL DE MATERIA--TÉRMINO DE MATERIA
Término de materia o nombre geográfico como elemento inicial AUDITORIA EN LA SOCIEDAD
650 ## - PUNTO DE ACCESO ADICIONAL DE MATERIA--TÉRMINO DE MATERIA
Término de materia o nombre geográfico como elemento inicial NORMAS INTERNACIONALES DE AUDITORIA
650 ## - PUNTO DE ACCESO ADICIONAL DE MATERIA--TÉRMINO DE MATERIA
Término de materia o nombre geográfico como elemento inicial SISTEMAS EXPERTOS EN AUDITORIA
700 ## - PUNTO DE ACCESO ADICIONAL--NOMBRE DE PERSONA
Nombre de persona Pablo Arenas Torres / Alonso Moreno Aguayo
942 ## - ELEMENTOS DE PUNTO DE ACCESO ADICIONAL (KOHA)
Fuente del sistema de clasificación o colocación Clasificación Decimal Dewey
Tipo de ítem Koha Libros
999 ## - NÚMEROS DE CONTROL DE SISTEMA (KOHA)
Koha biblionumber 14142
Holdings
Estado de pérdida Fuente del sistema de clasificación o colocación Estado dañado No para préstamo Localización permanente Ubicación/localización actual Ubicación en estantería Fecha de adquisición Fuente de adquisición Número de inventario Total de préstamos Signatura topográfica completa Código de barras Fecha visto por última vez Precio válido a partir de Tipo de ítem Koha Centro de costos
  Clasificación Decimal Dewey     Biblioteca Campus Norte Biblioteca Campus Norte Facultad de Ciencias Políticas y Administrativas - Generalidades 05/11/2025 Transitoria segunda Resolución N°0311-CU-UNACH-SE-ORD-16-09-24 39932910   657 ARE L017951 L017951 05/11/2025 05/11/2025 Libros  

Powered by Koha